00489nam a2200169 a 450000100060000000300090000600800410001502000150005604000280007108200160009910000200011524500800013526000430021530000110025865000280026965000220029718017CO-ViMGA141112s2004 ck r 000 u spa d a8449305039 aCO-ViMGAbspacCO-ViMGA04a323.2 R153r1 aRandle, Michael10aResistencia civil . La ciudadania ante las arbitrariedades de los gobiernos aBarcelona (España), cPaidos, c1998 a262.p.14aRESISTENCIA AL GOBIERNO14aRESISTENCIA CIVIL